000 00308nam a22001337a 4500
008 170713b xxu||||| |||| 00| 0 eng d
020 _a92549
041 _aeng
080 _a101
100 _a24
101 _aFIL
245 _a THE PHILOSOPHY OF THE 16TH AND 17TH CENTURIES
_cEDWARDS, P
942 _2udc
_cBK
999 _c20505
_d20505